00666nam a2200229 a 450000100100000000300100001000500170002000800270003702000180006404000230008204100090010508200290011410000300014324500580017325000110023126000460024230000210028849000290030950000460033865000250038465000270040900001555900001555920240404110027.0100212s2009 dr 00 j spa d a9789945113556 aBPMSU bspacBPMSU 6 8  aRD863.44bM647a 20092221 aMiller, Jeannette,d1944-10aA mí no me gustan los boleros /cJeannette Miller.  a2a ed. aSanto Domingo :bGrupo Santillana,c2009. a100 p. ;c20 cm.0 aPunto de lectura,v332/1 aIncluye datos biográficos de la autora. 4aCuentos dominicanos  4aLiteratura dominicana